Statistics for Arab Spring Countries

Click here to take the quiz!

General Stats

  • This quiz has been taken 36,860 times
    (36,429 since last reset)
  • The average score is 4 of 5

Answer Stats

Country% Correct
Egypt
94%
Libya
87%
Syria
86%
Tunisia
78%
Yemen
75%

Score Distribution

Percentile by Number Answered

Percent of People with Each Score

Your Score History

You have not taken this quiz since the last reset